Statistics for Cities and landscapes of Greece by image

Click here to take the quiz!

General Stats

  • This quiz has been taken 7 times
  • The average score is 5 of 12

Answer Stats

Answer% Correct
Santorini
100%
Athens
86%
Mount Olympus
71%
Rhodes
57%
Thessaloniki
57%
Crete
43%
Delphi
29%
Mycenae
29%
Mykonos
29%
Corfù
14%
Olympia
14%
Zante
14%

Score Distribution

Percentile by Number Answered

Percent of People with Each Score

Your Score History

You have not taken this quiz